000 01368namaa22003251i 4500
003 EG-GICUC
005 20260108122425.0
008 260104s1994 ua ||||jr|||| 000 0 ara d
017 _a93 / 8279
_bدارالكتب والوثائق القومية (مصر)
020 _a977005671
040 _aEG-GiCUC
_bara
_cEG-GiCUC
_dEG-GiCUC
_erda
043 _af-au---
082 0 4 _221
_a811.95
_bS124
092 0 4 _221
_a811.95
_bS124
099 _a811.95 S124
100 1 _aالسعدنى، مصطفى
_eمؤلف.
245 1 0 _aقراءة المعنى الشعرى :
_bرؤية حديثة لقضية قديمة فى ضوء شرح مشكلات ديوان أبى تمام للمرزوقى /
_cدكتور مصطفى السعدنى
264 _aالاسكندرية (مصر) :
_bمنشأة المعارف،
_c1994.
300 _a141 صفحة ؛
_c24 سم
336 _2rdacontent
_atext
337 _2rdamedia
_aUnmediated
338 _2rdacarrier
_avolume
504 _aيشتمل على ارجاعات ببليوجرافية
541 _aد. جابر عصفور ؛
_bالقاهرة ؛
_cإهداء ؛
_d2024.
600 _aالمرزوقى، أحمد بن محمد بن الحسن
_d-421 ه
650 1 7 _aالشعر العربى
_xتاريخ ونقد
_yالعصر العباسى الثانى
_2qrmak
651 1 _2qrmak
905 _aNermeen
942 _2ddc
_cBK
_e21
_n0
999 _c177378
_d177378